<?xml version="1.0" encoding="UTF-8"?>
<record
    xmlns:xsi="http://www.w3.org/2001/XMLSchema-instance"
    xsi:schemaLocation="http://www.loc.gov/MARC21/slim http://www.loc.gov/standards/marcxml/schema/MARC21slim.xsd"
    xmlns="http://www.loc.gov/MARC21/slim">

  <leader>01926nam a2200169   4500</leader>
  <datafield tag="999" ind1=" " ind2=" ">
    <subfield code="c">508200</subfield>
    <subfield code="d">508200</subfield>
  </datafield>
  <controlfield tag="008">190314b           ||||| |||| 00| 0 eng d</controlfield>
  <datafield tag="100" ind1=" " ind2=" ">
    <subfield code="a">Chand, Prakash</subfield>
    <subfield code="9">3364</subfield>
  </datafield>
  <datafield tag="245" ind1=" " ind2=" ">
    <subfield code="a">Environmental protection and regulations in India:</subfield>
    <subfield code="b">role of the Central Pollution Control Board</subfield>
  </datafield>
  <datafield tag="260" ind1=" " ind2=" ">
    <subfield code="c">2018</subfield>
  </datafield>
  <datafield tag="300" ind1=" " ind2=" ">
    <subfield code="a">p.645-663.</subfield>
  </datafield>
  <datafield tag="520" ind1=" " ind2=" ">
    <subfield code="a">Since independence, Indian policymakers have attempted to address environmental problems by passing a number of rules and regulations as per the vision of the constitution and in response to the requirement of time. However, due to the prevalent poverty and the developmental compulsions of the nation, environment and its protection was not a priority of the government till the end of the 1960s. But, the 1972 Stockholm Conference on Human Environment brought a marked shift in India&#x2019;s approach to environmental issues. The conference proved to be a turning point in India&#x2019;s perception on environment and facilitated the creation of the National Committee on Environmental Planning and Co-ordination (NCEPC) in 1972. The NCEPC triggered a rise in environmental legislation, beginning with the Water (Prevention and Control of Pollution) Act of 1974, which provided for the creation of Pollution Control Boards for the control of water pollution at national and state levels and empowered them to enforce the law. The boards were later empowered to deal with air pollution by Air (Prevention and Control of Pollution) Act of 1981 and acted as regulatory mechanisms to environmental protection. This article primarily deals with the role of the Central Pollution Control Board as a regulatory authority to environmental protection and regulations in India. - Reproduced.</subfield>
  </datafield>
  <datafield tag="650" ind1=" " ind2=" ">
    <subfield code="a">Pollution</subfield>
    <subfield code="9">3123</subfield>
  </datafield>
  <datafield tag="650" ind1=" " ind2=" ">
    <subfield code="a">Central Pollution Control Board</subfield>
    <subfield code="9">3365</subfield>
  </datafield>
  <datafield tag="773" ind1=" " ind2=" ">
    <subfield code="a">Indian Journal of Public Administration</subfield>
  </datafield>
  <datafield tag="906" ind1=" " ind2=" ">
    <subfield code="a">Environmental protection - Regulation - India</subfield>
  </datafield>
  <datafield tag="942" ind1=" " ind2=" ">
    <subfield code="2">ddc</subfield>
    <subfield code="c">AR</subfield>
  </datafield>
  <datafield tag="952" ind1=" " ind2=" ">
    <subfield code="0">0</subfield>
    <subfield code="1">0</subfield>
    <subfield code="2">ddc</subfield>
    <subfield code="4">0</subfield>
    <subfield code="7">0</subfield>
    <subfield code="9">382203</subfield>
    <subfield code="a">IIPA</subfield>
    <subfield code="b">IIPA</subfield>
    <subfield code="d">2019-03-14</subfield>
    <subfield code="h">64(4), Dec, 2018: p.645-663.</subfield>
    <subfield code="p">AR119230</subfield>
    <subfield code="r">2019-03-14</subfield>
    <subfield code="y">AR</subfield>
  </datafield>
</record>
